Analýza najvýznamnejších indikátorov poistného trhu EU za obdobie 2005- 2011 bakalárska práca

Gespeichert in:
Bibliographische Detailangaben
1. Verfasser: Krajinčáková, Petra
Körperschaft: Národohospodárska fakulta EU. Katedra poisťovníctva
Weitere Verfasser: Vachálková, Ingrid
Format: Buch
Sprache:Slowakisch
Veröffentlicht: Bratislava 2013
Tags: Tag hinzufügen
Keine Tags, Fügen Sie das erste Tag hinzu!

MARC

LEADER 00000nbm a2200000 4500
001 0172557
005 20161109112100.6
041 0 |a slo 
044 |a SK 
245 1 0 |a Analýza najvýznamnejších indikátorov poistného trhu EU za obdobie 2005- 2011  |b bakalárska práca  |c Petra Krajinčáková ; školiteľ: Ingrid Vachálková 
264 1 |a Bratislava  |c 2013 
300 |a 31 s. 
100 1 |a Krajinčáková, Petra 
700 1 |a Vachálková, Ingrid 
710 2 |a Národohospodárska fakulta EU. Katedra poisťovníctva